| 000 | 00698cam a2200205u 4500 | ||
|---|---|---|---|
| 001 | 0000005565 | ||
| 005 | 20170406120822.0 | ||
| 008 | 841115m19671970xx 000 0 eng | ||
| 010 | _aunk84109480 | ||
| 035 | _9(DLC)unk84109480 | ||
| 040 |
_aDLC _cCarP _dDLC |
||
| 050 | 0 | 0 |
_aMT202 _b.C55 |
| 245 | 0 | 0 |
_aChristian Music Center hymns series [a progressive course for reed organ, using familiar sacred songs : _bwith instruction in basic theory. |
| 260 |
_aYokohama : _bChristian Music Center, _c1967-70. |
||
| 300 |
_a4 v. : _bcm. |
||
| 650 | 0 |
_aReed organ _vMethods. |
|
| 650 | 0 |
_aMusic theory _vElementary works. |
|
| 908 | _a150109 | ||
| 999 |
_c5355 _d5355 |
||